Trends in global higher education : (Record no. 61835)

MARC details
000 -LEADER
fixed length control field 01164cam a2200277 a 4500
001 - CONTROL NUMBER
control field vtls003218613
003 - CONTROL NUMBER IDENTIFIER
control field MY-SjTCS
005 - DATE AND TIME OF LATEST TRANSACTION
control field 20200306170346.0
008 - FIXED-LENGTH DATA ELEMENTS--GENERAL INFORMATION
fixed length control field 110915s2010 fr a b 001 0 eng d
020 ## - INTERNATIONAL STANDARD BOOK NUMBER
International Standard Book Number 9789460913396 (pbk.)
020 ## - INTERNATIONAL STANDARD BOOK NUMBER
International Standard Book Number 9789460913389 (hbk.)
039 #9 - LEVEL OF BIBLIOGRAPHIC CONTROL AND CODING DETAIL [OBSOLETE]
Level of rules in bibliographic description 201109271509
Level of effort used to assign nonsubject heading access points wilmina
Level of effort used to assign subject headings 201109270927
Level of effort used to assign classification masrina
Level of effort used to assign subject headings 201109270923
Level of effort used to assign classification masrina
Level of effort used to assign subject headings 201109151549
Level of effort used to assign classification izani
-- 201106171235
-- malathy
082 04 - DEWEY DECIMAL CLASSIFICATION NUMBER
Classification number 378.0072
Item number ALT 2010
100 1# - MAIN ENTRY--PERSONAL NAME
Personal name Altbach, Philip G.
9 (RLIN) 41214
245 10 - TITLE STATEMENT
Title Trends in global higher education :
Remainder of title tracking an academic revolution /
Statement of responsibility, etc. by Philip G. Altbach, Liz Reisberg and Laura E. Rumbley.
260 ## - PUBLICATION, DISTRIBUTION, ETC.
Place of publication, distribution, etc. Paris :
Name of publisher, distributor, etc. UNESCO Pub. ;
Place of publication, distribution, etc. Rotterdam ;
-- Boston :
Name of publisher, distributor, etc. Sense,
Date of publication, distribution, etc. c2010.
300 ## - PHYSICAL DESCRIPTION
Extent xii, 253 p. :
Other physical details ill. ;
Dimensions 24 cm.
490 1# - SERIES STATEMENT
Series statement Global perspectives on higher education ;
Volume/sequential designation v. 22.
504 ## - BIBLIOGRAPHY, ETC. NOTE
Bibliography, etc. note Includes bibliographical references (p. [163]-179) and index.
650 #0 - SUBJECT ADDED ENTRY--TOPICAL TERM
Topical term or geographic name entry element Education, Higher
General subdivision Research.
9 (RLIN) 25663
650 #0 - SUBJECT ADDED ENTRY--TOPICAL TERM
Topical term or geographic name entry element Education and globalization.
9 (RLIN) 23729
700 1# - ADDED ENTRY--PERSONAL NAME
Personal name Reisberg, Liz.
9 (RLIN) 52865
700 1# - ADDED ENTRY--PERSONAL NAME
Personal name Rumbley, Laura.
9 (RLIN) 52866
830 #0 - SERIES ADDED ENTRY--UNIFORM TITLE
Uniform title Global perspectives on higher education ;
Volume/sequential designation v. 22.
9 (RLIN) 283916
920 ## - Programme
Programme GENLS : 165191,
Holdings
Withdrawn status Lost status Source of classification or shelving scheme Damaged status Not for loan Home library Current library Date acquired Cost, normal purchase price Total Checkouts Barcode Date last seen Date last checked out Copy number Uniform Resource Identifier Cost, replacement price Koha item type Public note
    Dewey Decimal Classification     Taylor's Library-TU Taylor's Library-TU 12/08/2011 231.20 5 5000120985 06/10/2022 05/09/2022 1 Floor 4, Shelf 11 , Side 2, TierNo 5, BayNo 3 231.20 Main Collection GENLS,